| 000 | 00978nas a2200289 i 4500 | ||
|---|---|---|---|
| 001 | 768714001 | ||
| 003 | CO-MdFUSB | ||
| 005 | 20240826122208.0 | ||
| 008 | 220923t2016 -us||||| |||| 00| 0 spa d | ||
| 037 | _bChapel Library | ||
| 040 |
_aCO-MdFUSB _bspa _cCO-MdFUSB _dCO-MdFUSB _erda |
||
| 041 |
_aspa _hspa |
||
| 245 |
_aPortavoz de la gracia _c/ Chapel Library |
||
| 264 | 1 |
_aEstados unidos : _bChapel Library, _c[2016] |
|
| 264 | 4 | _c©2016 | |
| 300 |
_aNúmero 18 (2016) _c; 23 cm |
||
| 310 |
_aNo aplica _b2016 |
||
| 336 |
_2rdacontent _atexto _btxt |
||
| 337 |
_2rdamedia _asin mediación _bn |
||
| 338 | _avolumen | ||
| 362 | _aNúmero 18 | ||
| 500 | _aNuestro propósito : " Humillar el orgullo del hombre, exaltar la gracia de Dios en la salvación y promover santidad verdadera en el corazón y la vida". | ||
| 650 | _vPublicaciones seriadas | ||
| 650 | 7 |
_aGracia (Teología) _9364 |
|
| 773 | _dEstados Unidos : Chapel Library , [2016] | ||
| 942 |
_2ddc _a3 _cCR |
||
| 999 |
_c68197 _d68197 |
||